Library Banner

Smart cities : (Record no. 139888)

MARC details
000 -LEADER
fixed length control field 00581nam a22001937a 4500
005 - DATE AND TIME OF LATEST TRANSACTION
control field 20260225113618.0
008 - FIXED-LENGTH DATA ELEMENTS--GENERAL INFORMATION
fixed length control field 260225b |||||||| |||| 00| 0 eng d
020 ## - INTERNATIONAL STANDARD BOOK NUMBER
International Standard Book Number 9781032266824 (pbk)
040 ## - CATALOGING SOURCE
Transcribing agency PK-LaUMT
082 ## - DEWEY DECIMAL CLASSIFICATION NUMBER
Classification number 711.40285
Item number SMA-
245 ## - TITLE STATEMENT
Title Smart cities :
Remainder of title blockchain-based systems, networks, and data /
Statement of responsibility, etc by Jianbin gao ...[et al.]
260 ## - PUBLICATION, DISTRIBUTION, ETC. (IMPRINT)
Place of publication, distribution, etc Boca Raton :
Name of publisher, distributor, etc CRC Press,
Date of publication, distribution, etc 2023
300 ## - PHYSICAL DESCRIPTION
Extent 229 p.
650 ## - SUBJECT ADDED ENTRY--TOPICAL TERM
Topical term or geographic name as entry element Smart cities
700 ## - ADDED ENTRY--PERSONAL NAME
Personal name Qi Xia,
700 ## - ADDED ENTRY--PERSONAL NAME
Personal name Kwame Omono Asaamoah
710 ## - ADDED ENTRY--CORPORATE NAME
Corporate name or jurisdiction name as entry element Bonsu Adeiei-Arthur
942 ## - ADDED ENTRY ELEMENTS (KOHA)
Koha item type Books
Holdings
Withdrawn status Lost status Damaged status Home library Current library Date acquired Full call number Barcode Date last seen Price effective from Koha item type
      UMT Main Campus UMT Main Campus 2026-02-25 711.40285 SMA- 151682 2026-02-25 2026-02-25 Books